<?xml version="1.0" encoding="UTF-8"?>
<record
    xmlns:xsi="http://www.w3.org/2001/XMLSchema-instance"
    xsi:schemaLocation="http://www.loc.gov/MARC21/slim http://www.loc.gov/standards/marcxml/schema/MARC21slim.xsd"
    xmlns="http://www.loc.gov/MARC21/slim">

  <leader>01522cam a22003011  4500</leader>
  <controlfield tag="001">ne 68000387 </controlfield>
  <controlfield tag="003">DLC</controlfield>
  <controlfield tag="005">20260227111837.0</controlfield>
  <controlfield tag="008">890109s1966    ua            100 0 ara  </controlfield>
  <datafield tag="010" ind1=" " ind2=" ">
    <subfield code="a">ne 68000387 </subfield>
  </datafield>
  <datafield tag="035" ind1=" " ind2=" ">
    <subfield code="a">(OCoLC)18986695</subfield>
  </datafield>
  <datafield tag="040" ind1=" " ind2=" ">
    <subfield code="a">DLC</subfield>
    <subfield code="c">TxU</subfield>
    <subfield code="d">TxU</subfield>
    <subfield code="d">DLC</subfield>
  </datafield>
  <datafield tag="042" ind1=" " ind2=" ">
    <subfield code="a">premarc</subfield>
  </datafield>
  <datafield tag="050" ind1="0" ind2="0">
    <subfield code="a">LB15</subfield>
    <subfield code="b">.M83 1963</subfield>
  </datafield>
  <datafield tag="111" ind1="2" ind2=" ">
    <subfield code="a">Mu&#x2BC;tamar Mu&#x1E63;&#x1E6D;ala&#x1E25;&#x101;t al-Tarbiyah wa-&#x2BB;Ilm al-Nafs</subfield>
    <subfield code="d">(1963 :</subfield>
    <subfield code="c">Cairo, Egypt)</subfield>
  </datafield>
  <datafield tag="245" ind1="1" ind2="0">
    <subfield code="a">Mu&#x2BC;tamar Mu&#x1E63;&#x1E6D;ala&#x1E25;&#x101;t al-Tarbiyah wa-&#x2BB;Ilm al-Nafs, al-mun&#x2BB;aqad bi-al-Q&#x101;hirah f&#x12B; al-fatrah min 26-30 min M&#x101;y&#x16B; sanat 1963.</subfield>
  </datafield>
  <datafield tag="260" ind1=" " ind2=" ">
    <subfield code="a">al-Q&#x101;hirah,</subfield>
    <subfield code="c">1966.</subfield>
  </datafield>
  <datafield tag="300" ind1=" " ind2=" ">
    <subfield code="a">23, 32 p.</subfield>
    <subfield code="c">24 cm.</subfield>
  </datafield>
  <datafield tag="490" ind1="0" ind2=" ">
    <subfield code="a">Ma&#x1E6D;b&#x16B;&#x2BB;&#x101;t al-Majlis al-A&#x2BB;l&#xE1; li-Ri&#x2BB;&#x101;yat al-&#x2BB;Ul&#x16B;m wa-al-Fun&#x16B;n wa-al-&#x100;d&#x101;b [sic] al-Ijtim&#x101;&#x2BB;&#x12B;yah ;</subfield>
    <subfield code="v">79.</subfield>
    <subfield code="a">Ma&#x2BB;&#x101;jim,</subfield>
    <subfield code="v">3</subfield>
  </datafield>
  <datafield tag="500" ind1=" " ind2=" ">
    <subfield code="a">At head of title: al-Jumh&#x16B;r&#x12B;yah al-&#x2BB;Arab&#x12B;yah al-Mutta&#x1E25;idah. al-Majlis al-A&#x2BB;l&#xE1; li-Ri&#x2BB;&#x101;yat al-Fun&#x16B;n wa-al-&#x100;d&#x101;b wa-al-&#x2BB;Ul&#x16B;m al-Ijtim&#x101;&#x2BB;&#x12B;yah. Lajnat al-Tarbiyah wa-&#x2BB;Ilm al-Nafs.</subfield>
  </datafield>
  <datafield tag="500" ind1=" " ind2=" ">
    <subfield code="a">Added t.p.: Conference on the Technical Terms of Education &amp; Psychology.</subfield>
  </datafield>
  <datafield tag="500" ind1=" " ind2=" ">
    <subfield code="a">Includes English-Arabic glossaries.</subfield>
  </datafield>
  <datafield tag="650" ind1=" " ind2="0">
    <subfield code="a">Education</subfield>
    <subfield code="x">Terminology.</subfield>
  </datafield>
  <datafield tag="650" ind1=" " ind2="0">
    <subfield code="a">Psychology</subfield>
    <subfield code="x">Terminology.</subfield>
  </datafield>
  <datafield tag="650" ind1=" " ind2="0">
    <subfield code="a">Arabic language</subfield>
    <subfield code="x">Glossaries, vocabularies, etc.</subfield>
  </datafield>
  <datafield tag="710" ind1="1" ind2=" ">
    <subfield code="a">Egypt.</subfield>
    <subfield code="b">Majlis al-A&#x2BB;l&#xE1; li-Ri&#x2BB;&#x101;yat al-Fun&#x16B;n wa-al-&#x100;d&#x101;b wa-al-&#x2BB;Ul&#x16B;m al-Ijtim&#x101;&#x2BB;&#x12B;yah.</subfield>
  </datafield>
  <datafield tag="830" ind1=" " ind2="0">
    <subfield code="a">Ma&#x2BB;&#x101;jim al-Majlis al-A&#x2BB;l&#xE1; li-Ri&#x2BB;&#x101;yat al-&#x2BB;Ul&#x16B;m wa-al-Fun&#x16B;n wa-al-&#x100;d&#x101;b [sic] al-Ijtim&#x101;&#x2BB;&#x12B;yah ;</subfield>
    <subfield code="v">3.</subfield>
  </datafield>
  <datafield tag="999" ind1=" " ind2=" ">
    <subfield code="c">50020</subfield>
    <subfield code="d">50020</subfield>
  </datafield>
</record>
